Entry Personal Name
Number of records used in: 1
001 - CONTROL NUMBER
003 - CONTROL NUMBER IDENTIFIER
005 - DATE AND TIME OF LATEST TRANSACTION
- control field:
20220702105738.0
008 - FIXED-LENGTH DATA ELEMENTS
- fixed length control field:
820226n| adannaabn |a aaa
010 ## - LIBRARY OF CONGRESS CONTROL NUMBER
- LC control number:
n 82009586
035 ## - SYSTEM CONTROL NUMBER
- System control number:
(OCoLC)oca00706883
040 ## - CATALOGING SOURCE
- Original cataloging agency:
DLC
- Language of cataloging:
eng
- Transcribing agency:
DLC
- Modifying agency:
OCoLC
- Modifying agency:
DLC
100 1# - HEADING--PERSONAL NAME
- Personal name:
Fischer, Cecil Ernest Claude
400 1# - SEE FROM TRACING--PERSONAL NAME
- Personal name:
Fischer, C. E. C.
- Fuller form of name:
(Cecil Ernest Claude)
670 ## - SOURCE DATA FOUND
- Source citation:
Gamble, J. S. Flora of the presidency of Madras, 1928.
670 ## - SOURCE DATA FOUND
- Source citation:
His List of species & genera ... 1978:
- Information found:
t.p. (C.E.C. Fischer)